QUALITY CONTROL OF PACKAGING MATERIALS IN THE PHARMACEUTICAL INDUSTRY (Record no. 29201)

MARC details
000 -LEADER
fixed length control field 00452nam a22001577a 4500
003 - CONTROL NUMBER IDENTIFIER
control field SGT
020 ## - INTERNATIONAL STANDARD BOOK NUMBER
International Standard Book Number 0824782437
082 ## - DEWEY DECIMAL CLASSIFICATION NUMBER
Classification number 615.19
Item number Q90H
100 ## - MAIN ENTRY--PERSONAL NAME
Personal name HARBURN, KENNETH
245 ## - TITLE STATEMENT
Title QUALITY CONTROL OF PACKAGING MATERIALS IN THE PHARMACEUTICAL INDUSTRY
260 ## - PUBLICATION, DISTRIBUTION, ETC. (IMPRINT)
Place of publication, distribution, etc NEW YORK
Name of publisher, distributor, etc INFORMA HEALTHCARE
300 ## - PAGE DESCRIPTION
No. of Pages 183
650 ## - SUBJECT ADDED ENTRY--TOPICAL TERM
Topical term or geographic name as entry element QUALITY CONTROL
653 ## - KEYWORDS--INDEX TERM
Keyword term QUALITY , CONTROL , PACKAGING, MATERIALS ,PHARMACEUTICAL, INDUSTRY
942 ## - ADDED ENTRY ELEMENTS (KOHA)
Source of classification or shelving scheme Dewey Decimal Classification
Koha item type Books
Holdings
Withdrawn status Lost status Source of classification or shelving scheme Damaged status Use restrictions Not for loan Collection code Home library Current library Shelving location Date acquired Vendor Name Cost, normal purchase price SGTU Bill Number Total Checkouts Full call number Accession No. (Barcode) Date last seen Bill Date Koha item type
    Dewey Decimal Classification   Restricted Access   PHARMACY SGT FA-FP Library SGT FA-FP Library Reference Book 21/01/2025 AHUJA PUB. 2695.00 SGTU 19381   615.19 Q90H FP5258 21/01/2025 13/08/2024 Books